<?xml version="1.0" encoding="UTF-8"?>
<record
    xmlns:xsi="http://www.w3.org/2001/XMLSchema-instance"
    xsi:schemaLocation="http://www.loc.gov/MARC21/slim http://www.loc.gov/standards/marcxml/schema/MARC21slim.xsd"
    xmlns="http://www.loc.gov/MARC21/slim">

  <leader>00424nam a22001217a 4500</leader>
  <controlfield tag="003">SGT</controlfield>
  <datafield tag="082" ind1=" " ind2=" ">
    <subfield code="a">370</subfield>
    <subfield code="b">ROY</subfield>
  </datafield>
  <datafield tag="100" ind1=" " ind2=" ">
    <subfield code="a">&#x930;&#x949;&#x92F;, &#x938;&#x94D;&#x935;&#x926;&#x947;&#x936; </subfield>
  </datafield>
  <datafield tag="245" ind1=" " ind2=" ">
    <subfield code="a">&#x92D;&#x93E;&#x930;&#x924;&#x940;&#x92F; &#x92A;&#x941;&#x928;&#x935;&#x93E;&#x930;&#x94D;&#x938; &#x92A;&#x930;&#x93F;&#x937;&#x926; &#x926;&#x94D;&#x935;&#x93E;&#x930;&#x93E; &#x906;&#x92F;&#x94B;&#x91C;&#x93F;&#x924; &#x905;&#x916;&#x93F;&#x932; &#x92D;&#x93E;&#x930;&#x924;&#x940;&#x92F; &#x911;&#x928;&#x932;&#x93E;&#x907;&#x928; &#x92A;&#x94D;&#x930;&#x935;&#x947;&#x936; &#x917;&#x93E;&#x908;&#x921;  </subfield>
  </datafield>
  <datafield tag="260" ind1=" " ind2=" ">
    <subfield code="a">DELHI</subfield>
    <subfield code="b">SR PUB. </subfield>
    <subfield code="c">2018</subfield>
  </datafield>
  <datafield tag="300" ind1=" " ind2=" ">
    <subfield code="a">190</subfield>
  </datafield>
  <datafield tag="942" ind1=" " ind2=" ">
    <subfield code="2">ddc</subfield>
    <subfield code="c">BK</subfield>
  </datafield>
  <datafield tag="952" ind1=" " ind2=" ">
    <subfield code="0">0</subfield>
    <subfield code="1">0</subfield>
    <subfield code="2">ddc</subfield>
    <subfield code="4">0</subfield>
    <subfield code="7">0</subfield>
    <subfield code="8">FE</subfield>
    <subfield code="a">FE</subfield>
    <subfield code="b">FE</subfield>
    <subfield code="d">2019-04-12</subfield>
    <subfield code="i">SGTU</subfield>
    <subfield code="o">370 ROY</subfield>
    <subfield code="p">ED4187</subfield>
    <subfield code="r">2019-04-12 00:00:00</subfield>
    <subfield code="w">2019-04-12</subfield>
    <subfield code="y">BK</subfield>
  </datafield>
  <datafield tag="952" ind1=" " ind2=" ">
    <subfield code="0">0</subfield>
    <subfield code="1">0</subfield>
    <subfield code="2">ddc</subfield>
    <subfield code="4">0</subfield>
    <subfield code="7">0</subfield>
    <subfield code="8">FE</subfield>
    <subfield code="a">FE</subfield>
    <subfield code="b">FE</subfield>
    <subfield code="d">2019-04-12</subfield>
    <subfield code="i">SGTU</subfield>
    <subfield code="o">370 ROY</subfield>
    <subfield code="p">ED4188</subfield>
    <subfield code="r">2019-04-12 00:00:00</subfield>
    <subfield code="w">2019-04-12</subfield>
    <subfield code="y">BK</subfield>
  </datafield>
  <datafield tag="952" ind1=" " ind2=" ">
    <subfield code="0">0</subfield>
    <subfield code="1">0</subfield>
    <subfield code="2">ddc</subfield>
    <subfield code="4">0</subfield>
    <subfield code="7">0</subfield>
    <subfield code="8">FE</subfield>
    <subfield code="a">FE</subfield>
    <subfield code="b">FE</subfield>
    <subfield code="d">2019-04-12</subfield>
    <subfield code="i">SGTU</subfield>
    <subfield code="o">370 ROY</subfield>
    <subfield code="p">ED4189</subfield>
    <subfield code="r">2019-04-12 00:00:00</subfield>
    <subfield code="w">2019-04-12</subfield>
    <subfield code="y">BK</subfield>
  </datafield>
  <datafield tag="952" ind1=" " ind2=" ">
    <subfield code="0">0</subfield>
    <subfield code="1">0</subfield>
    <subfield code="2">ddc</subfield>
    <subfield code="4">0</subfield>
    <subfield code="7">0</subfield>
    <subfield code="8">FE</subfield>
    <subfield code="a">FE</subfield>
    <subfield code="b">FE</subfield>
    <subfield code="d">2019-04-12</subfield>
    <subfield code="i">SGTU</subfield>
    <subfield code="o">370 ROY</subfield>
    <subfield code="p">ED4190</subfield>
    <subfield code="r">2019-04-12 00:00:00</subfield>
    <subfield code="w">2019-04-12</subfield>
    <subfield code="y">BK</subfield>
  </datafield>
  <datafield tag="952" ind1=" " ind2=" ">
    <subfield code="0">0</subfield>
    <subfield code="1">0</subfield>
    <subfield code="2">ddc</subfield>
    <subfield code="4">0</subfield>
    <subfield code="7">0</subfield>
    <subfield code="8">FE</subfield>
    <subfield code="a">FE</subfield>
    <subfield code="b">FE</subfield>
    <subfield code="d">2019-04-12</subfield>
    <subfield code="i">SGTU</subfield>
    <subfield code="o">370 ROY</subfield>
    <subfield code="p">ED4191</subfield>
    <subfield code="r">2019-04-12 00:00:00</subfield>
    <subfield code="w">2019-04-12</subfield>
    <subfield code="y">BK</subfield>
  </datafield>
  <datafield tag="999" ind1=" " ind2=" ">
    <subfield code="c">17448</subfield>
    <subfield code="d">17448</subfield>
  </datafield>
</record>
